| 000 | 01115 a2200301 4500 | ||
|---|---|---|---|
| 001 | 200421691 | ||
| 111 | 1 |
_9105223 _aEvkaf-ı İslamiye Müzesinin Kuruluşunun 100. Yılı Ve Vakıf Müzeleri _d(27 Mayıs 2014 : _cİstanbul) |
|
| 999 |
_c200421691 _d38805 |
||
| 003 | TR-AnTOB | ||
| 005 | 20190408221310.0 | ||
| 008 | 150330s tu 000 0 | ||
| 020 | _a9789751962898 | ||
| 040 |
_aTR-AnTOB _btur _erda |
||
| 041 | 0 | _atur | |
| 050 | 0 | 0 |
_aAM79.T8 _bE95 2014 |
| 090 | _aAM79 .T8 E95 2014 4 | ||
| 245 | 1 | 0 |
_aEvkaf-ı İslamiye Müzesinin kuruluşunun 100. yılı ve vakıf müzeleri : _bpanel, 27 Mayıs 2014, İstanbul / _chazırlayan Suzan Bayraktaroğlu. |
| 264 |
_aAnkara: _bVakıflar Genel Müdürlüğü yayınları, _c2014. |
||
| 300 |
_a242 pages _btables _c29 cm. |
||
| 336 |
_atext _2rdacontent |
||
| 337 |
_aunmediated _2rdamedia |
||
| 338 |
_avolume _2rdacarrier |
||
| 490 | 0 |
_aVakıflar Genel Müdürlüğü yayınları; _v116. |
|
| 650 | 0 | 0 |
_aMüzeler _zTürkiye _vKongreler _943345 |
| 650 | 0 | 0 |
_aMuseums _zTurkey _vCongresses _943346 |
| 700 | 1 |
_aBayraktaroğlu, Suzan _ehazırlayan _9105222 |
|
| 942 | _cBK | ||